[Event "Arco op 34th"]
[Site "Arco"]
[Date "2012.10.16"]
[Round "4"]
[White "Bondielli, Giorgio"]
[Black "Espinosa Cancino, Monica"]
[Result "1/2-1/2"]
[WhiteElo "1849"]
[BlackElo "1530"]
[PlyCount "77"]
[EventDate "2012.10.13"]
[EventType "swiss"]
[EventRounds "9"]
[EventCountry "ITA"]
[SourceTitle "EXT 2013"]
[Source "ChessBase"]
[SourceDate "2012.11.22"]
[SourceVersion "1"]
[SourceVersionDate "2012.11.22"]
[SourceQuality "1"]

1. e4 c5 2. d4 cxd4 3. c3 dxc3 4. Nxc3 e6 5. Bc4 Nc6 6. Nf3 Bb4 7. Bd2 a6 8. 0-0 b5 9. Bd3 Bb7 10. Qe2 Nge7 11. a3 Bd6 12. b4 Rc8 13. Rfd1 0-0 14. e5 Bb8 15. Rac1 Qc7 16. Ne4 Qd8 17. Bc3 Nd5 18. Nc5 Nxc3 19. Rxc3 Rc7 20. Be4 Bc8 21. Bxc6 Rxc6 22. Nd4 Rb6 23. f4 Re8 24. Qg4 Qe7 25. Rg3 Qf8 26. Ne4 Kh8 27. h4 d5 28. Nc5 Ba7 29. Rc1 Re7 30. Rgc3 Re8 31. Kh2 Kg8 32. h5 h6 33. Nf3 Rc6 34. Nd4 Rb6 35. Qe2 Rd8 36. Qc2 Kh8 37. Nd3 Bd7 38. Nc5 Bc8 39. Nd3 1/2-1/2

[Event "Arco op 33rd"]
[Site "Arco"]
[Date "2011.10.29"]
[Round "8"]
[White "Bondielli, Giorgio"]
[Black "Battistella, Stefano"]
[Result "0-1"]
[WhiteElo "1885"]
[BlackElo "2081"]
[PlyCount "92"]
[EventDate "2011.10.22"]
[EventType "swiss"]
[EventRounds "9"]
[EventCountry "ITA"]
[SourceTitle "EXT 2012"]
[Source "ChessBase"]
[SourceDate "2011.11.24"]
[SourceVersion "1"]
[SourceVersionDate "2011.11.24"]
[SourceQuality "1"]

1. e4 Nf6 2. e5 Nd5 3. Bc4 Nb6 4. Bb3 d6 5. Nf3 e6 6. 0-0 dxe5 7. Nxe5 Bd6 8. Qe2 c5 9. d3 0-0 10. Nc3 Qe8 11. a4 N6d7 12. Nxd7 Nxd7 13. Ne4 Bc7 14. Be3 Qe7 15. Nc3 Qh4 16. f4 b6 17. Qf2 Qxf2+ 18. Rxf2 Nf6 19. h3 Bb7 20. a5 Bc6 21. Ba4 Bxa4 22. Rxa4 Nd5 23. Nxd5 exd5 24. a6 Rfe8 25. Bd2 d4 26. Kf1 Rad8 27. Ra1 f5 28. g4 Kf7 29. Re2 Rxe2 30. Kxe2 Re8+ 31. Kf3 g6 32. Re1 Re6 33. Rxe6 Kxe6 34. gxf5+ Kxf5 35. b3 h6 36. h4 b5 37. Bc1 Bd8 38. Kg3 Bc7 39. Kf3 Bd8 40. Kg3 Ba5 41. Ba3 Be1+ 42. Kh3 b4 43. Bc1 Bf2 44. Bd2 Be3 45. Be1 Bxf4 46. Bg3 Bxg3 0-1

[Event "Arco op 33rd"]
[Site "Arco"]
[Date "2011.10.27"]
[Round "6"]
[White "Bondielli, Giorgio"]
[Black "Casagrande, Fabio"]
[Result "1-0"]
[WhiteElo "1885"]
[BlackElo "1991"]
[PlyCount "53"]
[EventDate "2011.10.22"]
[EventType "swiss"]
[EventRounds "9"]
[EventCountry "ITA"]
[SourceTitle "EXT 2012"]
[Source "ChessBase"]
[SourceDate "2011.11.24"]
[SourceVersion "1"]
[SourceVersionDate "2011.11.24"]
[SourceQuality "1"]

1. e4 e6 2. d4 d5 3. e5 c5 4. c3 Qb6 5. Nf3 Bd7 6. Be2 cxd4 7. cxd4 Bb5 8. 0-0 Bxe2 9. Qxe2 Nc6 10. Be3 Nh6 11. Nc3 Nf5 12. Rfd1 Be7 13. a3 Nxe3 14. fxe3 Rc8 15. Rac1 0-0 16. b4 Qd8 17. Rc2 f6 18. Rdc1 fxe5 19. dxe5 d4 20. Rd1 Qb6 21. exd4 Rxf3 22. Na4 Nxd4 23. Rxc8+ Bf8 24. Nxb6 Nxe2+ 25. Kh1 Rf5 26. Nd7 Nc3 27. Rxc3 1-0

[Event "Porto San Giorgio op 23rd"]
[Site "Porto San Giorgio"]
[Date "2011.08.28"]
[Round "9"]
[White "Mazzarini, Daniele"]
[Black "Bondielli, Giorgio"]
[Result "1-0"]
[WhiteElo "1813"]
[BlackElo "1885"]
[PlyCount "91"]
[EventDate "2011.08.21"]
[EventType "swiss"]
[EventRounds "9"]
[EventCountry "ITA"]
[SourceTitle "CBM 144 Extra"]
[Source "ChessBase"]
[SourceDate "2011.10.28"]
[SourceVersion "1"]
[SourceVersionDate "2011.10.28"]
[SourceQuality "1"]

1. d4 f5 2. c4 Nf6 3. g3 g6 4. Bg2 Bg7 5. Nc3 0-0 6. e4 d6 7. exf5 gxf5 8. Nf3 c6 9. 0-0 Na6 10. Re1 Nc7 11. Qd3 e6 12. Bg5 Qe8 13. Bf4 Qd8 14. Rad1 Nh5 15. Bg5 Bf6 16. Bh4 Bxh4 17. Nxh4 Nf4 18. gxf4 Qxh4 19. Qg3+ Qxg3 20. fxg3 Bd7 21. b4 Rac8 22. a4 a6 23. a5 Rb8 24. Na4 Na8 25. Nb6 Nxb6 26. axb6 Rfe8 27. Bf3 d5 28. c5 Rf8 29. Kf2 Kf7 30. Ke3 Kf6 31. h3 Rg8 32. g4 h6 33. Rg1 Rg7 34. Rg2 Rbg8 35. Rdg1 Be8 36. gxf5 Rxg2 37. Rxg2 Rxg2 38. Bxg2 exf5 39. Bf1 Bd7 40. Bxa6 Bc8 41. Be2 Bd7 42. Kf3 Kg6 43. Kg3 Bc8 44. Kh4 Bd7 45. Ba6 Bc8 46. b5 1-0

[Event "Porto San Giorgio op 23rd"]
[Site "Porto San Giorgio"]
[Date "2011.08.21"]
[Round "1"]
[White "Lapenna, Antonio"]
[Black "Bondielli, Giorgio"]
[Result "1-0"]
[WhiteElo "2150"]
[BlackElo "1885"]
[PlyCount "63"]
[EventDate "2011.08.21"]
[EventType "swiss"]
[EventRounds "9"]
[EventCountry "ITA"]
[SourceTitle "CBM 144 Extra"]
[Source "ChessBase"]
[SourceDate "2011.10.28"]
[SourceVersion "1"]
[SourceVersionDate "2011.10.28"]
[SourceQuality "1"]

1. d4 f5 2. Nf3 Nf6 3. g3 g6 4. Bg2 Bg7 5. 0-0 0-0 6. b3 d6 7. Bb2 c6 8. Nbd2 Na6 9. c4 Qe8 10. a3 h6 11. Qc2 g5 12. Rfe1 Nh5 13. e4 f4 14. d5 fxg3 15. fxg3 Qg6 16. dxc6 bxc6 17. Nd4 Bd7 18. b4 Rac8 19. Rf1 Nc7 20. Nf5 Bxf5 21. exf5 Qe8 22. Rae1 Nf6 23. Nf3 Qd7 24. Nd4 d5 25. Qe2 Rce8 26. Ne6 Nxe6 27. Qxe6+ Qxe6 28. Rxe6 dxc4 29. Rxc6 Rc8 30. Rc1 Rxc6 31. Bxc6 Rd8 32. Bb5 1-0

[Event "Padova op-A 13th"]
[Site "Padova"]
[Date "2010.12.15"]
[Round "5.14"]
[White "Bondielli, Giorgio"]
[Black "Litrico, Paolo"]
[Result "1/2-1/2"]
[WhiteElo "1872"]
[BlackElo "1946"]
[PlyCount "67"]
[EventDate "2010.12.12"]
[EventType "swiss"]
[EventRounds "9"]
[EventCountry "ITA"]
[SourceTitle "EXT 2024"]
[Source "ChessBase"]
[SourceDate "2023.10.10"]
[SourceVersion "1"]
[SourceVersionDate "2023.10.10"]
[SourceQuality "1"]

1. e4 e5 2. Nf3 Nc6 3. d4 exd4 4. Bc4 Nf6 5. 0-0 Nxe4 6. Re1 d5 7. Bxd5 Qxd5 8. Nc3 Qa5 9. Nxe4 Be6 10. Neg5 0-0-0 11. Nxe6 fxe6 12. Rxe6 Bd6 13. Bg5 Rdf8 14. Bh4 Qf5 15. Re2 g5 16. Bg3 Rd8 17. Rd2 Bxg3 18. hxg3 Qg4 19. Nh2 Qe4 20. Qf3 Qg6 21. Qg4+ Kb8 22. Nf3 Rhg8 23. Re1 h5 24. Qe6 Qg7 25. Ne5 Nxe5 26. Qxe5 Qf7 27. Rxd4 Rde8 28. Qa5 Ref8 29. Re2 b6 30. Qd5 Qf6 31. Qe5 Qc6 32. Qd5 Qf6 33. Qe5 Qc6 34. Qd5 1/2-1/2

[Event "Arco op 32nd"]
[Site "Arco"]
[Date "2010.10.24"]
[Round "9"]
[White "Welz, Peter"]
[Black "Bondielli, Giorgio"]
[Result "1-0"]
[WhiteElo "2156"]
[BlackElo "1880"]
[PlyCount "56"]
[EventDate "2010.10.16"]
[EventType "swiss"]
[EventRounds "9"]
[EventCountry "ITA"]
[SourceTitle "EXT 2012"]
[Source "ChessBase"]
[SourceDate "2011.11.24"]
[SourceVersion "1"]
[SourceVersionDate "2011.11.24"]
[SourceQuality "1"]

1. e4 e5 2. Nf3 Nf6 3. Qe2 Nc6 4. g3 Be7 5. Bg2 d6 6. h3 Be6 7. c3 d5 8. d3 Bd6 9. 0-0 Qd7 10. Ng5 d4 11. c4 0-0 12. a3 a5 13. Nd2 h6 14. Nxe6 fxe6 15. Nf3 a4 16. Bd2 b6 17. Nh4 Kh7 18. f4 exf4 19. gxf4 e5 20. f5 Ne7 21. Rf2 Qe8 22. Bf3 b5 23. cxb5 Qxb5 24. Kh2 Rg8 25. Rg1 Raf8 26. Rfg2 Rf7 27. Bh5 Nxh5 28. Qxh5 Qc6 1-0

[Event "Arco op 32nd"]
[Site "Arco"]
[Date "2010.10.19"]
[Round "4"]
[White "Sautto, Alessandra"]
[Black "Bondielli, Giorgio"]
[Result "1/2-1/2"]
[WhiteElo "1955"]
[BlackElo "1880"]
[PlyCount "80"]
[EventDate "2010.10.16"]
[EventType "swiss"]
[EventRounds "9"]
[EventCountry "ITA"]
[SourceTitle "CBM 138 Extra"]
[Source "ChessBase"]
[SourceDate "2010.10.29"]
[SourceVersion "1"]
[SourceVersionDate "2010.10.29"]
[SourceQuality "1"]

1. d4 f5 2. Nc3 Nf6 3. Bg5 d5 4. Bxf6 exf6 5. e3 Be6 6. Nh3 Bd6 7. Bd3 Nc6 8. a3 Qd7 9. Nb5 0-0-0 10. Nxd6+ Qxd6 11. Qf3 Ne7 12. Nf4 Kb8 13. Nxe6 Qxe6 14. 0-0-0 g6 15. h3 h5 16. h4 Nc8 17. Rh3 Nd6 18. Rg3 Rhg8 19. Re1 Ne4 20. Bxe4 Qxe4 21. Qxe4 fxe4 22. f4 Rd7 23. Rf1 Rdg7 24. Kd2 Kc8 25. Ke2 Kd7 26. Rh1 Ke6 27. Rgh3 Kf5 28. Rg3 b6 29. Rd1 Ke6 30. c4 c6 31. cxd5+ cxd5 32. Rc1 Kd6 33. Rh3 Rc7 34. Rxc7 Kxc7 35. Rg3 Kd6 36. Rh3 Ke6 37. Rh1 Rc8 38. Kd2 Kf5 39. Rh3 Kg4 40. Kd1 Rc6 1/2-1/2

[Event "Arco op 32nd"]
[Site "Arco"]
[Date "2010.10.18"]
[Round "3"]
[White "Bondielli, Giorgio"]
[Black "Prelati, Maurizio"]
[Result "1-0"]
[WhiteElo "1880"]
[BlackElo "2111"]
[PlyCount "34"]
[EventDate "2010.10.16"]
[EventType "swiss"]
[EventRounds "9"]
[EventCountry "ITA"]
[SourceTitle "CBM 138 Extra"]
[Source "ChessBase"]
[SourceDate "2010.10.29"]
[SourceVersion "1"]
[SourceVersionDate "2010.10.29"]
[SourceQuality "1"]

1. e4 c5 2. d4 cxd4 3. c3 dxc3 4. Nxc3 Nc6 5. Nf3 d6 6. Bc4 a6 7. 0-0 Nf6 8. h3 e6 9. Bf4 Be7 10. Qe2 Bd7 11. Rfd1 b5 12. Bb3 Qb8 13. Rd2 Ne5 14. Rad1 Bc6 15. Nd4 Qb7 16. Nxc6 Qxc6 17. Rc2 Qb7 1-0